| 000 | 00841cam a2200217 a 4500 | ||
|---|---|---|---|
| 020 | _a0070565821 (v. 1) | ||
| 020 | _a0070566879 (v. 2) | ||
| 082 | 0 | 0 |
_a620.104076 _bSHE _cK-5,P-12 |
| 100 | 1 |
_aShelley, Joseph F. _950868 |
|
| 245 | 1 | 0 |
_a800 solved problems in vector mechanics for engineers / _cJoseph F. Shelley. |
| 260 |
_aNew York : _bMcGraw-Hill, _cc1990-c1991. |
||
| 300 |
_a2 v. : _bill. ; _c28 cm. |
||
| 500 | _aIncludes indexes. | ||
| 500 | _aVol. 2 has title: 700 solved problems in vector mechanics for engineers. | ||
| 505 | 1 | _av. 1. Statics -- v. 2. Dynamics. | |
| 526 |
_a0 _b0 _c0 _d620_104076000000000_SHE |
||
| 650 | 0 |
_aMechanics, Applied _xProblems, exercises, etc. _938792 |
|
| 650 | 0 |
_aVector analysis _xProblems, exercises, etc. _950869 |
|
| 856 | 4 | 1 | _uhttp://www.loc.gov/catdir/toc/mh031/89007951.html |
| 942 |
_2ddc _cBK |
||
| 999 |
_c553598 _d553598 |
||